| 000 | 00723nam a22002297a 4500 | ||
|---|---|---|---|
| 003 | UA-OsUOA | ||
| 001 | 34623 | ||
| 007 | ta | ||
| 008 | 20051017b un ||||| |||| 00| 0 ukr d | ||
| 090 |
_a371 _bП12 |
||
| 942 | _cBK | ||
| 040 |
_aUA-OsUOA _bukr _cUA-OsUOA _dUA-OsUOA |
||
| 245 |
_aПедагогічні технології _bНавчальний посібник для вузів |
||
| 300 | _a256 с. | ||
| 955 | _a2 | ||
| 041 | _aukr | ||
| 080 | _a371 | ||
| 020 | _a5-88500-009-3 | ||
| 260 |
_aК. _bУкраїнська енциклопедія _c1995 |
||
| 650 | 7 |
_a371 Організація системи освіти та виховання. Шкільна організація _2UDC |
|
| 999 |
_c321050 _d321050 |
||